Blox Fruits Quiz - Statistics

General Stats
  • This quiz has been taken 371 times
  • The average score is 6 of 15
Answer Stats
Hint Answer % Correct
Rarest fruit Kitsune
95%
Worst fruit Rocket
61%
Turns you into a yellow beast Buddha
56%
Was replaced with Portal Door
55%
Kicking combat Dark Step
52%
Was replaced with Ghost Revive
52%
Summons a Friend who is same level as you Love
48%
Only elemental which can't be awakened Smoke
46%
First attack you clap your hands Magma
42%
Prisoner who escaped in Blox Fruits Swan
38%
Fastest fruit Rubber
27%
Last attack of Dough Restless Dough Barrage
14%
Source of this the Shafi Sanguine Arts
4%
He teaches you Death Step Pheouyu The Reformed
3%
He gives you an cape which gives 100 Health + Energy Parlus
1%
No matching quizzes found
Score Distribution
Percent of People with Each Score
Percentile by Number Answered
Your Score History
You have not taken this quiz